The noble scholar, jurist, historian


 His Excellency Dr. Abdul Wahhab bin Ibrahim Abu Sulaiman, may Allah have mercy on him.


 He was born in Umm Al-Qura in the year 1356 AH.

قرارات المجمع الفقهي الإسلامي لرابطة العالم الإسلامي لدوراته العاشرة والحادي عشرة والثانية عشرة 1408-1409-1410 هجرية / (Record no. 12722)

MARC details
000 -LEADER
fixed length control field 01313cam a2200265 i 4500
003 - CONTROL NUMBER IDENTIFIER
control field SA-RiAUC
005 - DATE AND TIME OF LATEST TRANSACTION
control field 20251022092252.0
008 - FIXED-LENGTH DATA ELEMENTS--GENERAL INFORMATION
fixed length control field 251021s1990 su g 000r0 ara c
040 ## - CATALOGING SOURCE
Original cataloging agency SA-RiAUC
Language of cataloging ara
Transcribing agency SA-RiAUC
Description conventions rda
082 04 - DEWEY DECIMAL CLASSIFICATION NUMBER
Classification number 259
090 ## - LOCALLY ASSIGNED LC-TYPE CALL NUMBER (OCLC); LOCAL CALL NUMBER (RLIN)
Classification number (OCLC) (R) ; Classification number, CALL (RLIN) (NR) 259
Local cutter number (OCLC) ; Book number/undivided call number, CALL (RLIN) ر ا ب
110 2# - MAIN ENTRY--CORPORATE NAME
Corporate name or jurisdiction name as entry element رابطة العالم الإسلامي (مكة المكرمة).
Subordinate unit الأمانة العامة .
Relator term مؤلف.
245 10 - TITLE STATEMENT
Title قرارات المجمع الفقهي الإسلامي لرابطة العالم الإسلامي لدوراته العاشرة والحادي عشرة والثانية عشرة 1408-1409-1410 هجرية /
Statement of responsibility, etc. الأمانة العامة، رابطة العالم الإسلامي.
250 ## - EDITION STATEMENT
Edition statement الطبعة الثانية
264 #1 - PRODUCTION, PUBLICATION, DISTRIBUTION, MANUFACTURE, AND COPYRIGHT NOTICE
Place of production, publication, distribution, manufacture مكة المكرمة :
Name of producer, publisher, distributor, manufacturer رابطة العالم الإسلامي، الأمانة العامة،
Date of production, publication, distribution, manufacture, or copyright notice [1990]
300 ## - PHYSICAL DESCRIPTION
Extent 124 صفحة ؛
Dimensions 24 سم
336 ## - CONTENT TYPE
Content type term نص
Content type code txt
Source rdacontent
Materials specified كتاب
337 ## - MEDIA TYPE
Media type term بدون وسيط
Media type code n
Source rdamedia
338 ## - CARRIER TYPE
Carrier type term مجلد
Carrier type code nc
Source rdacarrier
610 27 - SUBJECT ADDED ENTRY--CORPORATE NAME
Corporate name or jurisdiction name as entry element رابطة العالم الإسلامي (مكة المكرمة)
Source of heading or term aucnm
650 #7 - SUBJECT ADDED ENTRY--TOPICAL TERM
Topical term or geographic name entry element الإجماع (أصول فقه)
Source of heading or term aucsh
650 #7 - SUBJECT ADDED ENTRY--TOPICAL TERM
Topical term or geographic name entry element الفقه الإسلامي
Form subdivision مؤتمرات
Source of heading or term aucsh
942 ## - ADDED ENTRY ELEMENTS (KOHA)
Source of classification or shelving scheme Dewey Decimal Classification
Koha item type Books
Suppress in OPAC No
949 ## - LOCAL PROCESSING INFORMATION (OCLC)
a SA-JeALM
d 251021
u mohamedma123
n 1
Holdings
Withdrawn status Lost status Source of classification or shelving scheme Damaged status Not for loan Home library Current library Date acquired Total checkouts Full call number Barcode Date last seen Price effective from Koha item type
    Dewey Decimal Classification     DR AbdElwahab Library DR AbdElwahab Library 10/22/2025   259 ر ا ب 000020495 10/22/2025 10/22/2025 Books
    Dewey Decimal Classification     DR AbdElwahab Library DR AbdElwahab Library 10/22/2025   259 ر ا ب 000020496 10/22/2025 10/22/2025 Books